=LDR 00000nam 2200000 4500 =001 INLIS000000000034611 =005 20130612140518 =008 ***********************************ind** =035 ##$$0010-061300000034611 =041 ##$$a ind =082 ##$$a 813 =090 ##$$a 813, Wes,s =100 ##$$a Westwater, Judi =245 ##$$a Street Kid Susvival Story, Gadis Cilik 3 Tahun, Judi Wetwater; Penerjemah, Rika Iffati Farihah =260 ##$$a 2009 $b Bandung =300 ##$$a viii,367 hlm., Illus., 21 cm =650 ##$$a Fiksi Indonesia-Dewasa =700 ##$$a Farihah,Rika Iffati =850 ##$$a NBPNMAT